| 000 | 00928nam a22002297a 4500 | ||
|---|---|---|---|
| 999 |
_c20928 _d20928 |
||
| 003 | AR-CdUCM | ||
| 008 | 190607b ||||| |||| 00| 0 spa d | ||
| 040 |
_aMUNICIPALIDAD PROVINCIAL DEL CUSCO _cBIBLIOTECA MUNICIPAL DEL CUSCO |
||
| 082 |
_a370 / _bAL41 |
||
| 100 |
_aAlfar Moreno, Rosa Maria - Ampuero Navarro, Francisco - Quezada Chavez, Laura Alicia y Macassi Lavander, Sandro _943665 |
||
| 245 |
_aL@s niñ@s teven y ¿qué ven? : _bUna televisión violenta que divierte y desencanta / |
||
| 260 |
_aLima : _bCandelaria, _c2002. |
||
| 300 |
_a180 páginas ; _c25 cm. |
||
| 505 | _aContenido: Niños y adolescentes a la deriva -- Programación televisiva infantil -- Veredictos de niños y adolescentes sobre la televisión... | ||
| 650 |
_aSocial _92020 |
||
| 650 |
_aPerú _935 |
||
| 650 |
_aNiños _99390 |
||
| 650 |
_aAdolescentes _925103 |
||
| 710 |
_aUNICEF _99438 |
||
| 942 |
_2ddc _cLIBROS |
||
| 945 | _aJavier | ||